|
|
|
|
| LEADER |
00000naa2a2200000 4500 |
| 001 |
398179 |
| 005 |
20231101065020.0 |
| 035 |
|
|
|a (RuTPU)RU\TPU\prd\38019
|
| 090 |
|
|
|a 398179
|
| 100 |
|
|
|a 20050914a2005 k y0rusy50 ca
|
| 101 |
0 |
|
|a rus
|
| 102 |
|
|
|a RU
|
| 200 |
1 |
|
|a Модификация динамической модели турбины с промперегревом
|f А. А. Моисеев
|
| 225 |
1 |
|
|a Математическое обеспечение АСУ
|
| 320 |
|
|
|a Библиогр.: 7 назв.
|
| 461 |
|
0 |
|0 (RuTPU)RU\TPU\prd\2287
|t Промышленные АСУ и контроллеры
|o ежемесячный научно-технический производственный журнал
|d 2002-
|
| 463 |
|
0 |
|0 (RuTPU)RU\TPU\prd\37432
|t № 7
|v С. 34-38
|d 2005
|
| 610 |
1 |
|
|a турбины
|
| 610 |
1 |
|
|a промперегрев
|
| 610 |
1 |
|
|a модификация
|
| 610 |
1 |
|
|a динамические модели
|
| 610 |
1 |
|
|a парогенераторы
|
| 610 |
1 |
|
|a пароперегреватели
|
| 610 |
1 |
|
|a номенклатура имитируемых параметров
|
| 610 |
1 |
|
|a системы регулирования
|
| 610 |
1 |
|
|a электрические части
|
| 610 |
1 |
|
|a программное обеспечение
|
| 610 |
1 |
|
|a тестирование
|
| 700 |
|
1 |
|a Моисеев
|b А. А.
|g А. А.
|
| 801 |
|
1 |
|a RU
|b 63413507
|c 20050914
|g PSBO
|
| 942 |
|
|
|c BK
|